000 00959nam a22001935i 4500
001 163810
003 ES-MaACL
005 20250929063239.0
008 990726s1842 sp |||| | spa d
040 _aCCPB | B
_bspa
_cCCPB | B
100 1 _aRodríguez Rubí, Tomás,
_d1817-1890
_9131953
245 1 0 _aDetrás de la cruz, el diablo
_b: comedia en tres actos y en verso /
_cde Tomás Rodríguez Rubí.
260 _aMadrid :
_b[Manuel Delgado],
_c1842 (
_fImprenta de Repullés)
300 _a83 p. ;
_c19 cm.
490 1 _aGalería Dramática
830 0 _aGalería Dramática
_9186796
852 _aES-MaACL
_jF-8585(2)
_z-- Enc. pasta española
_z-- An. ms.: numerosas acotaciones ms. al texto
_z-- Enc. en un vol. facticio, formando parte de la col. facticia: "Teatro español moderno", vol. 38
_x-- Edic.: el dato de serie debe consta en la cub.-- En la port. sello de la "Galeria dramática de Delgado hermanos"
999 _c163810
_d163810